Historia general de América Latina

Saved in:
Bibliographic Details
Format: Book
Language:Spanish
Published: París Trotta 1999
París UNESCO 1999
Subjects:
Tags: Add Tag
No Tags, Be the first to tag this record!

MARC

LEADER 00000nam a2200000 a 4500
001 UCM2024
003 CL-VaPUC
008 020419e19990000fr |||||||||||||||||spa|d
082 0 4 |a 980  |b HIS  |2 21 
245 1 0 |a Historia general de América Latina 
300 |a v 
942 |c BK 
945 |d 20020419 00:00:00  |a cmena 
260 |a París  |b Trotta  |c 1999 
260 |a París  |b UNESCO  |c 1999 
500 |a v.1: Las sociedades originarias 
500 |a v.2: El primer contacto y la formación de nuevas sociedades 
500 |a v.3: Consolidación del orden colonial 
650 0 |a América Latina   |v Historia  |9 468864 
583 |a last modification  |c 20171219 01:57:51  |k Rodrigo Vera 
999 |c 300113  |d 300111 
952 |0 0  |1 0  |4 0  |6 980_000000000000000_HIS_1999_1999  |7 0  |8 X  |9 357438  |a BIBHIS  |b BIBHIS  |d 2019-11-21  |h v.1  |i 380688K  |l 1  |o 980 HIS 1999 1999  |p 380688K  |r 2024-01-30  |s 2022-09-29  |w 2019-11-21  |y BK_X  |k HIS 
952 |0 0  |1 0  |4 0  |6 980_000000000000000_HIS_1999_1999  |7 0  |8 X  |9 357439  |a BIBHIS  |b BIBHIS  |d 2019-11-21  |h v.2  |i 3806871  |l 1  |o 980 HIS 1999 1999  |p 3806871  |r 2024-01-30  |s 2022-05-24  |w 2019-11-21  |y BK_X  |k HIS 
952 |0 0  |1 0  |4 0  |6 980_000000000000000_HIS_1999_1999  |7 0  |8 X  |9 357440  |a BIBHIS  |b BIBHIS  |d 2019-11-21  |h v.3 t.1  |i 3806863  |l 1  |o 980 HIS 1999 1999  |p 3806863  |r 2024-01-30  |s 2022-05-24  |w 2019-11-21  |y BK_X  |k HIS 
952 |0 0  |1 0  |4 0  |6 980_000000000000000_HIS_1999_1999  |7 0  |8 X  |9 357441  |a BIBHIS  |b BIBHIS  |d 2019-11-21  |h v.3 t.2  |i 3806898  |l 1  |o 980 HIS 1999 1999  |p 3806898  |r 2024-01-30  |s 2022-05-24  |w 2019-11-21  |y BK_X  |k HIS 
952 |0 0  |1 0  |4 0  |6 980_000000000000000_HIS_1999_1999  |7 0  |8 X  |9 357442  |a FDOBUD  |b FDOBUD  |d 2019-11-21  |h v.1  |i 4737237  |o 980 HIS 1999 1999  |p 4737237  |r 2019-11-21  |w 2019-11-21  |y BK_X  |k BUD